5 Największych miast losowych państw europejskich - Statystyki

Ogólne statystyki
  • Ten quiz został rozwiązany 117 razy
  • Średni wynik to 25 z 50
Statystyki odpowiedzi
Państwo Ludność Miasta % Poprawnych
Grecja 664 000 Ateny
100%
Niemcy 3 431 600 Berlin
100%
Wielka Brytania 1 137 100 Birmingham
100%
Belgia 185 100 Bruksela
100%
Węgry 1 750 200 Budapeszt
100%
Niemcy 1 772 100 Hamburg
100%
Ukraina 2 967 300 Kijów
100%
Polska 803 200 Kraków
100%
Polska 658 400 Łódź
100%
Wielka Brytania 8 825 000 Londyn
100%
Francja 863 300 Marsylia
100%
Niemcy 1 326 800 Monachium
100%
Norwegia 925 200 Oslo
100%
Polska 541 300 Poznań
100%
Czechy 1 321 200 Praga
100%
Islandia 118 900 Reykjavik
100%
Estonia 430 800 Tallinn
100%
Polska 1 861 900 Warszawa
100%
Polska 674 000 Wrocław
100%
Bośnia i Hercegowina 368 300 Sarajewo
95%
Hiszpania 1 605 600 Barcelona
94%
Hiszpania 3 284 100 Madryt
94%
Francja 2 187 500 Paryż
94%
Łotwa 658 800 Ryga
94%
San Marino 4 200 San Marino
94%
Mołdawia 671 800 Kiszyniów
93%
Luksemburg 103 600 Luksemburg
92%
Rosja 12 678 000 Moskwa
92%
Rosja 5 398 000 Petersburg
92%
Czarnogóra 151 000 Podgorica
92%
Włochy 2 746 600 Rzym
92%
Austria 150 200 Salzburg
92%
Austria 1 691 400 Wiedeń
92%
Irlandia 527 600 Dublin
91%
Finlandia 623 100 Helsinki
91%
Dania 602 400 Kopenhaga
91%
Portugalia 547 700 Lizbona
91%
Rumunia 1 883 300 Bukareszt
90%
Grecja 315 100 Saloniki
90%
Szajcaria 125 600 Berno
89%
Wielka Brytania 621 000 Glasgow
89%
Francja 516 000 Lyon
89%
Słowacja 437 700 Bratysława
88%
Słowenia 286 700 Lublana
88%
Włochy 1 361 900 Mediolan
88%
Białoruś 2 020 600 Mińsk
88%
Szwecja 1 372 500 Sztokholm
88%
Albania 418 500 Tirana
88%
Chorwacja 792 800 Zagrzeb
88%
Ukraina 1 443 200 Charków
87%
Ukraina 908 400 Donieck
87%
Ukraina 1 018 600 Odessa
87%
Bułgaria 1 243 500 Sofia
87%
Belgia 519 200 Antwerpia
86%
Czechy 287 900 Ostrawa
85%
Litwa 527 900 Wilno
84%
Portugalia 237 500 Porto
82%
Andora 19 000 Andora
80%
Czechy 381 300 Brno
80%
Niemcy 995 400 Kolonia
80%
Włochy 909 900 Neapol
80%
Włochy 836 600 Turyn
80%
Francja 340 000 Nicea
78%
Szajcaria 376 900 Zurych
78%
Serbia 1 273 600 Belgrad
77%
Holandia 651 300 Rotterdam
76%
Szwecja 549 800 Goteborg
75%
Szwecja 280 400 Malmo
75%
Hiszpania 704 100 Sewilla
75%
Dania 269 000 Aarhus
73%
Macedonia Północna 491 000 Skopje
73%
Holandia 872 700 Amsterdam
71%
Białoruś 356 900 Grodno
71%
Holandia 545 100 Haga
71%
Kosowo 145 100 Prisztina
71%
Rumunia 324 500 Kluż-Napoka
70%
Austria 222 300 Graz
69%
Austria 181 100 Linz
69%
Wielka Brytania 784 800 Leeds
68%
Włochy 628 300 Palermo
68%
Wielka Brytania 577 700 Sheffield
68%
Szajcaria 188 200 Genewa
67%
Mołdawia 134 800 Tyraspol
67%
Słowenia 96 200 Maribor
65%
Litwa 307 400 Kowno
63%
Hiszpania 852 300 Walencja
63%
Austria 112 400 Innsbruck
62%
Niemcy 664 800 Frankfurt (Nad Menem)
60%
Czechy 174 800 Pilzno
60%
Serbia 215 000 Nowy Sad
59%
Litwa 158 800 Kłajpeda
58%
Norwegia 238 000 Bergen
57%
Chorwacja 128 600 Rijeka
56%
Chorwacja 178 100 Split
56%
Czechy 104 800 Liberec
55%
Białoruś 364 800 Witebsk
53%
Słowacja 238 500 Koszyce
50%
Estonia 56 100 Narwa
50%
Rosja 1 625 600 Nowosybirsk
50%
Estonia 93 700 Tartu
50%
Belgia 263 900 Gandawa
48%
Ukraina 990 700 Dniepr
47%
Litwa 106 847 Szawle
47%
Irlandia 119 400 Cork
45%
Rumunia 283 800 Konstanca
45%
Rumunia 319 200 Timisoara
45%
Chorwacja 108 000 Osijek
44%
Hiszpania 620 400 Saragossa
44%
Francja 479 500 Tuluza
44%
Norwegia 167 600 Trondheim
43%
Węgry 201 100 Debreczyn
42%
Rosja 1 493 700 Jekaterynburg
42%
Węgry 152 900 Miszkolc
42%
Bośnia i Hercegowina 135 000 Banja Luka
41%
Holandia 234 400 Eindhoven
41%
Białoruś 510 300 Homel
41%
Białoruś 357 100 Mohylew
41%
Bułgaria 336 200 Warna
40%
Czarnogóra 13 500 Bar
38%
Belgia 202 700 Charleroi
38%
Łotwa 76 700 Lipawa
38%
Estonia 39 300 Parnawa
38%
Szwecja 140 400 Uppsala
38%
Litwa 97 500 Poniewież
37%
Finlandia 196 500 Oulu
36%
Rumunia 290 400 Jassy
35%
Mołdawia 144 800 Bielce
33%
Rosja 1 257 300 Kazań
33%
Szajcaria 129 300 Lozanna
33%
Węgry 160 200 Segedyn
33%
Grecja 140 700 Heraklion
30%
Słowenia 25 700 Koper
29%
Belgia 197 200 Liege
29%
Holandia 357 600 Utrecht
29%
Dania 113 400 Aalborg
27%
Portugalia 121 000 Braga
27%
Serbia 147 400 Kragujevac
27%
Serbia 250 000 Nisz
27%
Finlandia 223 100 Tampere
27%
Łotwa 93 300 Dineburg
25%
Albania 113 200 Durres
25%
Chorwacja 75 000 Zadar
25%
Czarnogóra 13 900 Cetynia
23%
Szajcaria 164 500 Bazylea
22%
Bułgaria 201 700 Burgas
20%
Łotwa 50 800 Jurmała
19%
Finlandia 266 100 Espoo
18%
Irlandia 75 500 Galway
18%
Bośnia i Hercegowina 60 100 Mostar
18%
Malta - Rabat / Victoria
18%
Słowacja 78 000 Bańska Bystrzyca
17%
Luksemburg 22 700 Differdange
17%
Luksemburg 31 800 Esch-Sur-Alzette
17%
Słowacja 88 400 Preszów
17%
Norwegia 201 300 Stavanger
14%
Albania 78 700 Elbasan
13%
Estonia 34 300 Kohtla-Jarwe
13%
Albania 86 700 Szkodra
13%
Szwecja 110 800 Vasteras
13%
Albania 79 500 Wlora
13%
Słowenia 37 800 Cejle
12%
San Marino 3 200 Domagnano
11%
Grecja 144 600 Larisa
10%
Grecja 167 400 Patras
10%
Portugalia 175 100 Amadora
9%
Dania 178 800 Odenze
9%
Bośnia i Hercegowina 74 400 Tuzla
9%
Finlandia 211 200 Vantaa
9%
Bośnia i Hercegowina 70 500 Zenica
9%
Islandia 31 700 Kopavogur
8%
Węgry 141 800 Secz
8%
Mołdawia 92 300 Bendery
7%
Norwegia 105 500 Fredrikstad
7%
Bułgaria 347 800 Płodwiw
7%
Bułgaria 141 200 Ruse
7%
Łotwa 59 500 Jełgawa
6%
San Marino 10 500 Serravalle
6%
Słowacja 80 700 Żylina
4%
Islandia 17 600 Akureyri
0%
Malta - Birgu
0%
Macedonia Północna 73 100 Bitola
0%
Irlandia 68 100 Blanchardstown
0%
San Marino 6 600 Borgo Maggiore
0%
Serbia 117 000 Cacak
0%
Malta - Cormi
0%
Malta - Cospicua
0%
Luksemburg 19 200 Dudelange
0%
Andora 7 400 Encamp
0%
Andora 14 000 Escaldes-Engordany
0%
San Marino 2 500 Fiorentino
0%
Dania 105 000 Frederiksberg
0%
Kosowo 54 200 Gnjilane
0%
Islandia 26 800 Hafnarfjorour
0%
Islandia 14 100 Keflavik
0%
Słowenia 37 900 Krajn
0%
Macedonia Północna 72 200 Kumanowo
0%
Andora 5 000 La Massana
0%
Malta - Mdina
0%
Kosowo 71 600 Mitrovica
0%
Czarnogóra 57 000 Niskić
0%
Kosowo 48 900 Peć
0%
Luksemburg 16 700 Petange
0%
Czarnogóra 19 100 Pljevlja
0%
Macedonia Północna 65 900 Prilep
0%
Kosowo 85 100 Prizren
0%
Mołdawia 48 400 Rybnica
0%
Andora 7 600 Sant Julia de Loria
0%
Irlandia 71 500 Tallaght
0%
Macedonia Północna 55 000 Tetowo
0%
Portugalia 186 600 Vila Nova de Gaia
0%
Nie znaleziono quizów pasujących do podanych kryteriów
Rozkład punktacji
Procent ludzi z każdym wynikiem
Percentyl według liczby udzielonych odpowiedzi
Twoja historia wyników
Nie rozwiązałeś tego quizu